00313nam a2200109Ia 4500003000400000008004100004100001800045245008200063260003200145300000800177650001800185OSt191201s2007 xx 000 0 und d aRONHUBBARD, L 0aScientology 8-80 the Genus Homo Sapiens Discovery and Increase of Life Energy aN. DelhibHubbard Pubc2007 a199 aGeneral Books